000 00718nam a2200181Ia 4500
008 100920s9999 xx 000 0 und d
082 _b65582
_a891.461 थ 93
100 _aखेबुडकर जगदीश.
245 _aधुंदी कळ्यांना धुंदी फुलांना.
260 _bसाहित्य-प्रसार-केंद्र, मुंबई.
_c1993
300 _a112
_bसाधी
365 _b0
520 _aपदय.
630 _aधुंदी कळ्यांना धुंदी फुलांना.
650 _aपदय.
730 _aधुंदी कळ्यांना धुंदी फुलांना.
942 _cBOOK
999 _c708325
_d708322